Minecraft Structures - Statistics

General Stats
  • This quiz has been taken 183 times
  • The average score is 15 of 22
Answer Stats
Structure % Correct
Village
97%
Desert Pyramid
90%
Jungle Pyramid
86%
Pillager Outpost
86%
Woodland Mansion
85%
Bastion Remnant
84%
Nether Fortress
84%
End City
80%
Mineshaft
77%
Ocean Monument
77%
Stronghold
75%
Shipwreck
74%
Ruined Portal
67%
Ancient City
64%
Igloo
59%
Trial Chambers
54%
Swamp Hut
53%
Ocean Ruins
46%
Buried Treasure
38%
Nether Fossil
38%
Abandoned Village
36%
Trail Ruins
32%
No matching quizzes found
Score Distribution
Percent of People with Each Score
Percentile by Number Answered
Your Score History
You have not taken this quiz